Which City in the USA? - Statistics

General Stats
  • This quiz has been taken 56 times
    31 since last reset
  • The average score is 14 of 30
Answer Stats
Hint Answer % Correct
Home to the only U.S. subway system that operates 24/7 N New York
100%
Built The world’s first skyscraper C Chicago
92%
Has the highest number of women-owned businesses in the U.S L Los Angeles
85%
The only major U.S. city with no zoning laws H Houston
77%
Home to the first hospital and medical school in the U.S P Philadelphia
69%
Largest capital city by population in the U.S P Phoenix
69%
A famous "Tea Party" happened here B Boston
62%
Largest city in Colorado D Denver
62%
Hosts the largest single-day sporting event in the world I Indianapolis
58%
It’s the largest city by land area in the contiguous U.S. J Jacksonville
54%
Capital city named same name as the state, but with "city" at the end O Oklahoma City
54%
The frozen margarita machine was invented here D Dallas
50%
Has more hotel rooms than any other city in the world L Las Vegas
46%
Has the country’s most biologically diverse county S San Diego
46%
Has no skyscrapers due to a law limiting building heights W Washington DC
46%
Houses the oldest cathedral in the U.S. still in daily use S San Antonio
42%
Named after Queen ______ of Mecklenburg-Strelitz C Charlotte
38%
Largest U.S. city with a Formula 1 racing track A Austin
35%
The first city to pave a road with concrete D Detroit
31%
Its police department was the first in the nation to use fingerprinting E El Paso
31%
Home to the smallest city park in the world P Portland
31%
More dogs than children live in the city S San Francisco
31%
First city in the U.S. to require gun owners to have liability insurance S San Jose
31%
Only U.S. city with a full-scale replica of the Parthenon N Nashville
27%
Home to the world’s largest private research and development foundation C Columbus
23%
Only city where you can see a real cattle drive daily F Fort Worth
23%
Birthplace of the Hot Brown sandwich L Louisville
23%
The first city in the U.S. to play a Beatles song on the radio S Seattle
23%
Site of the world’s largest overnight express shipping hub M Memphis
15%
Hosts the world’s largest music festival—Summerfest. M Milwaukee
12%
No matching quizzes found
Score Distribution
Percent of People with Each Score
Percentile by Number Answered
Your Score History
You have not taken this quiz since the last reset